Największe transfery sezonu 2018/19. - Statystyki

Ogólne statystyki
  • Ten quiz został rozwiązany 113 razy
  • Średni wynik to 8 z 10
Statystyki odpowiedzi
# Piłkarz Narodowość Klub oddający Kwota transferu Klub pozyskujący % Poprawnych
2 Cristiano Ronaldo
117,00 mln €
100%
1 Kylian Mbappé
180,00 mln €
97%
5 Riyad Mahrez
67,80 mln €
88%
6 Christian Pulisic
64,00 mln €
87%
7 Naby Keïta
62,50 mln €
78%
8 Alisson
60,00 mln €
75%
10 Jorginho
57,00 mln €
73%
3 Kepa Arrizabalaga
80,00 mln €
63%
9 Fred
59,00 mln €
54%
4 Thomas Lemar
72,00 mln €
52%
Nie znaleziono quizów pasujących do podanych kryteriów
Rozkład punktacji
Procent ludzi z każdym wynikiem
Percentyl według liczby udzielonych odpowiedzi
Twoja historia wyników
Nie rozwiązałeś tego quizu